Membrane Computing (Запис № 448279)

МАРК-запис
000 -LEADER
fixed length control field 03907nam a22006615i 4500
001 - CONTROL NUMBER
control field 978-3-319-54072-6
003 - CONTROL NUMBER IDENTIFIER
control field DE-He213
005 - DATE AND TIME OF LATEST TRANSACTION
control field 20210118132652.0
007 - PHYSICAL DESCRIPTION FIXED FIELD--GENERAL INFORMATION
fixed length control field cr nn 008mamaa
008 - FIXED-LENGTH DATA ELEMENTS--GENERAL INFORMATION
fixed length control field 170216s2017 gw | s |||| 0|eng d
020 ## - INTERNATIONAL STANDARD BOOK NUMBER
International Standard Book Number 9783319540726
-- 978-3-319-54072-6
024 7# - OTHER STANDARD IDENTIFIER
Standard number or code 10.1007/978-3-319-54072-6
Source of number or code doi
050 #4 - LIBRARY OF CONGRESS CALL NUMBER
Classification number QA75.5-76.95
072 #7 - SUBJECT CATEGORY CODE
Subject category code UY
Source bicssc
072 #7 - SUBJECT CATEGORY CODE
Subject category code COM037000
Source bisacsh
072 #7 - SUBJECT CATEGORY CODE
Subject category code UY
Source thema
082 04 - DEWEY DECIMAL CLASSIFICATION NUMBER
Classification number 004.0151
Edition number 23
245 10 - TITLE STATEMENT
Title Membrane Computing
Medium [electronic resource] :
Remainder of title 17th International Conference, CMC 2016, Milan, Italy, July 25-29, 2016, Revised Selected Papers /
Statement of responsibility, etc edited by Alberto Leporati, Grzegorz Rozenberg, Arto Salomaa, Claudio Zandron.
250 ## - EDITION STATEMENT
Edition statement 1st ed. 2017.
264 #1 -
-- Cham :
-- Springer International Publishing :
-- Imprint: Springer,
-- 2017.
300 ## - PHYSICAL DESCRIPTION
Extent X, 363 p. 52 illus.
Other physical details online resource.
336 ## -
-- text
-- txt
-- rdacontent
337 ## -
-- computer
-- c
-- rdamedia
338 ## -
-- online resource
-- cr
-- rdacarrier
347 ## -
-- text file
-- PDF
-- rda
490 1# - SERIES STATEMENT
Series statement Theoretical Computer Science and General Issues ;
Том/ позначення послідовності 10105
520 ## - SUMMARY, ETC.
Summary, etc This book contains revised selected papers from the 17th International Conference on Membrane Computing, CMC 2017, held in Milan, Italy, in July 2016. The 19 full papers presented in this volume were carefully reviewed and selected from 28 submissions. They deal with membrane computing (P systems theory), an area of copmputer science aiming to abstract computing ideas and models from the structure and the functioning of living cells, as well as from the way the cells are organized in tissues or higher order structures. The volume also contains 3 invited talks in full-paper length. .
506 ## - RESTRICTIONS ON ACCESS NOTE
Terms governing access Available to subscribing member institutions only. Доступно лише організаціям членам підписки.
506 ## - RESTRICTIONS ON ACCESS NOTE
Standardized terminology for access restriction Online access from local network of NaUOA.
506 ## - RESTRICTIONS ON ACCESS NOTE
Standardized terminology for access restriction Online access with authorization at https://link.springer.com/
506 ## - RESTRICTIONS ON ACCESS NOTE
Standardized terminology for access restriction Онлайн-доступ з локальної мережі НаУОА.
506 ## - RESTRICTIONS ON ACCESS NOTE
Standardized terminology for access restriction Онлайн доступ з авторизацією на https://link.springer.com/
650 #0 - SUBJECT ADDED ENTRY--TOPICAL TERM
Topical term or geographic name as entry element Computers.
650 #0 - SUBJECT ADDED ENTRY--TOPICAL TERM
Topical term or geographic name as entry element Algorithms.
650 #0 - SUBJECT ADDED ENTRY--TOPICAL TERM
Topical term or geographic name as entry element Software engineering.
650 #0 - SUBJECT ADDED ENTRY--TOPICAL TERM
Topical term or geographic name as entry element Computer logic.
650 #0 - SUBJECT ADDED ENTRY--TOPICAL TERM
Topical term or geographic name as entry element Pattern recognition.
650 14 - SUBJECT ADDED ENTRY--TOPICAL TERM
Topical term or geographic name as entry element Computation by Abstract Devices.
-- http://scigraph.springernature.com/things/product-market-codes/I16013
650 24 - SUBJECT ADDED ENTRY--TOPICAL TERM
Topical term or geographic name as entry element Algorithm Analysis and Problem Complexity.
-- http://scigraph.springernature.com/things/product-market-codes/I16021
650 24 - SUBJECT ADDED ENTRY--TOPICAL TERM
Topical term or geographic name as entry element Software Engineering.
-- http://scigraph.springernature.com/things/product-market-codes/I14029
650 24 - SUBJECT ADDED ENTRY--TOPICAL TERM
Topical term or geographic name as entry element Logics and Meanings of Programs.
-- http://scigraph.springernature.com/things/product-market-codes/I1603X
650 24 - SUBJECT ADDED ENTRY--TOPICAL TERM
Topical term or geographic name as entry element Pattern Recognition.
-- http://scigraph.springernature.com/things/product-market-codes/I2203X
700 1# - ADDED ENTRY--PERSONAL NAME
Personal name Leporati, Alberto.
Relator term editor.
Relator code edt
-- http://id.loc.gov/vocabulary/relators/edt
700 1# - ADDED ENTRY--PERSONAL NAME
Personal name Rozenberg, Grzegorz.
Relator term editor.
Relator code edt
-- http://id.loc.gov/vocabulary/relators/edt
700 1# - ADDED ENTRY--PERSONAL NAME
Personal name Salomaa, Arto.
Relator term editor.
Relator code edt
-- http://id.loc.gov/vocabulary/relators/edt
700 1# - ADDED ENTRY--PERSONAL NAME
Personal name Zandron, Claudio.
Relator term editor.
-- (orcid)0000-0002-2163-7639
-- https://orcid.org/0000-0002-2163-7639
Relator code edt
-- http://id.loc.gov/vocabulary/relators/edt
710 2# - ADDED ENTRY--CORPORATE NAME
Corporate name or jurisdiction name as entry element SpringerLink (Online service)
773 0# - HOST ITEM ENTRY
Title Springer eBooks
776 08 - ADDITIONAL PHYSICAL FORM ENTRY
Display text Printed edition:
International Standard Book Number 9783319540719
776 08 - ADDITIONAL PHYSICAL FORM ENTRY
Display text Printed edition:
International Standard Book Number 9783319540733
830 #0 - SERIES ADDED ENTRY--UNIFORM TITLE
Uniform title Theoretical Computer Science and General Issues ;
Volume number/sequential designation 10105
856 40 - ELECTRONIC LOCATION AND ACCESS
Uniform Resource Identifier <a href="https://doi.org/10.1007/978-3-319-54072-6">https://doi.org/10.1007/978-3-319-54072-6</a>
912 ## -
-- ZDB-2-SCS
912 ## -
-- ZDB-2-LNC
942 ## - ADDED ENTRY ELEMENTS (KOHA)
Koha item type ЕКнига

Немає доступних примірників.